Statistiche per Riconosci la Provincia - Quiz n°71

Clicka qui per fare il quiz!

Statistiche generali

  • Questo quiz è stato fatto 3 volte
  • Il punteggio medio è 4 su 9

Statistiche sulle risposte

IndizioRisposta% Corretto
PresidenteDavide Gilardino (FdI)
100%
Prefisso / Prefissi015, 0161, 0163
67%
Superficie2 081,64 km²
67%
Popolazione165 393 ab.
33%
PIL (nominale)3 524 mln di euro
33%
Coordinate
del capoluogo
45°19′N 8°25′E
33%
Numero province confinanti7
33%
Numero comuni82
0%
ProvinciaVercelli
0%

Distribuzione punteggi

Percentile per numero di risposta

Percentuale di utenti per punteggio

I tuoi punteggi nel tempo

Non hai fatto questo quiz